[Event "Schleswig Holstein-ch Seniors op"]
[Site "Buesum"]
[Date "2014.09.25"]
[Round "1"]
[White "Weber, Gerhard"]
[Black "Mueller Clostermann, Bruno"]
[Result "0-1"]
[WhiteElo "1879"]
[BlackElo "2159"]
[PlyCount "66"]
[EventDate "2014.09.25"]
[EventType "swiss"]
[EventRounds "9"]
[EventCountry "GER"]
[SourceTitle "EXT 2018"]
[Source "ChessBase"]
[SourceDate "2017.10.13"]
[SourceVersion "1"]
[SourceVersionDate "2017.10.13"]
[SourceQuality "1"]

1. e4 Nf6 2. Nc3 d5 3. exd5 Nxd5 4. Nge2 Nc6 5. Nxd5 Qxd5 6. d4 e5 7. Be3 Bg4 8. c3 0-0-0 9. Qb3 Qxb3 10. axb3 exd4 11. Nxd4 Nxd4 12. Bxd4 Rxd4 13. f3 Rd7 14. fxg4 Bc5 15. Be2 Re7 16. Rc1 Rhe8 17. Rc2 a5 18. Rf1 f6 19. Rf4 b6 20. Kf1 Kb8 21. g3 Rd8 22. Rf3 Be3 23. Kg2 c6 24. h4 Kc7 25. Kf1 b5 26. Kg2 Kb6 27. Kf1 h6 28. Kg2 Bc5 29. Bd3 Re3 30. Rxe3 Bxe3 31. Be4 Rd2+ 32. Kf3 Rxc2 33. Bxc2 Bc1 0-1

[Event "Bad Woerishofen Seniors op 28th"]
[Site "Bad Woerishofen"]
[Date "2012.03.09"]
[Round "8.44"]
[White "Weber, Gerhard"]
[Black "Thonig, Manfred"]
[Result "1-0"]
[WhiteElo "1660"]
[BlackElo "1553"]
[PlyCount "81"]
[EventDate "2012.03.02"]
[EventType "swiss"]
[EventRounds "9"]
[EventCountry "GER"]
[SourceTitle "EXT 2022"]
[Source "ChessBase"]
[SourceDate "2021.10.06"]
[SourceVersion "1"]
[SourceVersionDate "2021.10.06"]
[SourceQuality "1"]

1. e4 g6 2. d4 Bg7 3. c4 Nc6 4. Nf3 e5 5. d5 Nd4 6. Be3 c5 7. dxc6 dxc6 8. Nc3 Bg4 9. Be2 Nxe2 10. Qxe2 Nf6 11. h3 Bxf3 12. Qxf3 Qd3 13. Qe2 Qxe2+ 14. Kxe2 0-0-0 15. Bxa7 Nd7 16. Be3 f5 17. f3 f4 18. Bf2 g5 19. Rhd1 Kc7 20. Rd2 h5 21. Rad1 Bf8 22. Na4 c5 23. Rd5 Bg7 24. Nxc5 Nxc5 25. Rxd8 Rxd8 26. Rxd8 Kxd8 27. Bxc5 Kd7 28. b4 Bf6 29. a4 h4 30. Kd3 Kc6 31. Bf8 b6 32. c5 b5 33. a5 Kb7 34. Bd6 Kc6 35. a6 Bd8 36. Bxe5 Be7 37. Bd6 Bf6 38. e5 Bd8 39. Ke4 Ba5 40. e6 Bxb4 41. e7 1-0

[Event "Bad Woerishofen Seniors op 28th"]
[Site "Bad Woerishofen"]
[Date "2012.03.05"]
[Round "4.47"]
[White "Weber, Gerhard"]
[Black "Aufmwasser, Guenter"]
[Result "1/2-1/2"]
[WhiteElo "1660"]
[BlackElo "1563"]
[PlyCount "37"]
[EventDate "2012.03.02"]
[EventType "swiss"]
[EventRounds "9"]
[EventCountry "GER"]
[SourceTitle "EXT 2022"]
[Source "ChessBase"]
[SourceDate "2021.10.06"]
[SourceVersion "1"]
[SourceVersionDate "2021.10.06"]
[SourceQuality "1"]

1. e4 c5 2. c4 d6 3. Nc3 Nc6 4. g3 g6 5. d3 Bg7 6. Nge2 e5 7. Bg2 Nge7 8. 0-0 0-0 9. Be3 f5 10. Qd2 Nd4 11. Nd5 Nxd5 12. cxd5 Nxe2+ 13. Qxe2 f4 14. Bd2 Bd7 15. b4 b6 16. Rab1 Qf6 17. f3 Rab8 18. Rfc1 g5 19. Rf1 1/2-1/2

[Event "Bad Woerishofen Seniors op 28th"]
[Site "Bad Woerishofen"]
[Date "2012.03.04"]
[Round "3.47"]
[White "Eigenmann, Christina"]
[Black "Weber, Gerhard"]
[Result "1/2-1/2"]
[WhiteElo "1726"]
[BlackElo "1660"]
[PlyCount "38"]
[EventDate "2012.03.02"]
[EventType "swiss"]
[EventRounds "9"]
[EventCountry "GER"]
[SourceTitle "EXT 2022"]
[Source "ChessBase"]
[SourceDate "2021.10.06"]
[SourceVersion "1"]
[SourceVersionDate "2021.10.06"]
[SourceQuality "1"]

1. d4 Nf6 2. c4 g6 3. Nc3 Bg7 4. e4 d6 5. f3 0-0 6. Be3 e5 7. d5 Nh5 8. Bd3 f5 9. Nge2 b6 10. Qc2 Na6 11. a3 Nc5 12. b4 Nxd3+ 13. Qxd3 a5 14. 0-0 Nf6 15. Bf2 fxe4 16. Nxe4 Bf5 17. N2g3 Bxe4 18. Nxe4 Nxe4 19. fxe4 Qd7 1/2-1/2

[Event "Bad Woerishofen Seniors op 28th"]
[Site "Bad Woerishofen"]
[Date "2012.03.02"]
[Round "1.13"]
[White "Lang, Ferdinand"]
[Black "Weber, Gerhard"]
[Result "1/2-1/2"]
[WhiteElo "2044"]
[BlackElo "1660"]
[PlyCount "40"]
[EventDate "2012.03.02"]
[EventType "swiss"]
[EventRounds "9"]
[EventCountry "GER"]
[SourceTitle "EXT 2022"]
[Source "ChessBase"]
[SourceDate "2021.10.06"]
[SourceVersion "1"]
[SourceVersionDate "2021.10.06"]
[SourceQuality "1"]

1. e4 e5 2. Nf3 Nc6 3. Bb5 Nd4 4. Ba4 Nxf3+ 5. Qxf3 Qf6 6. Qe2 c6 7. Nc3 Bc5 8. d3 Ne7 9. Be3 Bxe3 10. Qxe3 0-0 11. Bb3 d6 12. 0-0 Ng6 13. Ne2 Be6 14. c3 Nf4 15. Rad1 Qg5 16. Nxf4 exf4 17. Qe2 a5 18. d4 a4 19. Bxe6 fxe6 20. Rd3 Rfd8 1/2-1/2

[Event "GER-ch Seniors 23rd"]
[Site "Halle"]
[Date "2011.08.12"]
[Round "8"]
[White "Weber, Gerhard"]
[Black "Nietsch, Horst"]
[Result "0-1"]
[WhiteElo "1899"]
[BlackElo "2011"]
[PlyCount "42"]
[EventDate "2011.08.05"]
[EventType "swiss"]
[EventRounds "9"]
[EventCountry "GER"]
[SourceTitle "CBM 144 Extra"]
[Source "ChessBase"]
[SourceDate "2011.10.28"]
[SourceVersion "1"]
[SourceVersionDate "2011.10.28"]
[SourceQuality "1"]

1. e4 g6 2. d4 Bg7 3. c4 c5 4. Nf3 cxd4 5. Nxd4 Nc6 6. Nxc6 bxc6 7. Qc2 Nf6 8. Nc3 0-0 9. Be2 d5 10. cxd5 cxd5 11. exd5 Nxd5 12. Nxd5 Qxd5 13. 0-0 Bf5 14. Rd1 Qxg2+ 15. Kxg2 Bxc2 16. Rd7 e5 17. Bd3 Ba4 18. Rc7 Rfc8 19. Be4 Rxc7 20. Bxa8 Bc2 21. b3 Rc8 0-1

[Event "GER-ch Seniors 23rd"]
[Site "Halle"]
[Date "2011.08.11"]
[Round "7"]
[White "Juergens, Peter1111"]
[Black "Weber, Gerhard"]
[Result "1/2-1/2"]
[WhiteElo "2030"]
[BlackElo "1899"]
[PlyCount "38"]
[EventDate "2011.08.05"]
[EventType "swiss"]
[EventRounds "9"]
[EventCountry "GER"]
[SourceTitle "CBM 144 Extra"]
[Source "ChessBase"]
[SourceDate "2011.10.28"]
[SourceVersion "1"]
[SourceVersionDate "2011.10.28"]
[SourceQuality "1"]

1. d4 g6 2. Bf4 Bg7 3. e3 c5 4. c3 cxd4 5. exd4 d6 6. Nf3 Nf6 7. h3 b6 8. Bd3 0-0 9. 0-0 Bb7 10. Nbd2 Nbd7 11. Re1 Re8 12. Ne4 Nd5 13. Bh2 N7f6 14. Qd2 Nxe4 15. Bxe4 Qd7 16. Rad1 Nf6 17. Bxb7 Qxb7 18. Bf4 Qd5 19. a3 Rac8 1/2-1/2

[Event "GER-ch Seniors 23rd"]
[Site "Halle"]
[Date "2011.08.09"]
[Round "5"]
[White "Fritsch, Juergen"]
[Black "Weber, Gerhard"]
[Result "0-1"]
[WhiteElo "1957"]
[BlackElo "1899"]
[PlyCount "76"]
[EventDate "2011.08.05"]
[EventType "swiss"]
[EventRounds "9"]
[EventCountry "GER"]
[SourceTitle "CBM 144 Extra"]
[Source "ChessBase"]
[SourceDate "2011.10.28"]
[SourceVersion "1"]
[SourceVersionDate "2011.10.28"]
[SourceQuality "1"]

1. d4 Nf6 2. Bg5 e6 3. Nf3 Be7 4. e3 d5 5. c3 0-0 6. Bd3 b6 7. 0-0 Ba6 8. Bxa6 Nxa6 9. Nbd2 c5 10. Ne5 Qc7 11. Qf3 Ne4 12. Nxe4 dxe4 13. Qg3 Bxg5 14. Qxg5 f6 15. Qg4 fxe5 16. Qxe6+ Qf7 17. Qxe5 Rae8 18. Qg3 Re6 19. f4 exf3 20. Rxf3 Rf6 21. Raf1 Rxf3 22. Rxf3 Qe7 23. Kf2 Rxf3+ 24. gxf3 Qe6 25. h3 h6 26. h4 cxd4 27. exd4 Qf5 28. Qg4 Qxg4 29. fxg4 Kf7 30. Kf3 g5 31. hxg5 hxg5 32. Ke4 Ke6 33. d5+ Kf6 34. b4 Nb8 35. a4 Nd7 36. a5 b5 37. d6 Ke6 38. a6 Nb8 0-1

[Event "Merano Gold Cup 39th"]
[Site "Merano"]
[Date "2011.05.06"]
[Round "7"]
[White "Meul, Willi"]
[Black "Weber, Gerhard"]
[Result "1-0"]
[WhiteElo "1911"]
[BlackElo "1907"]
[PlyCount "35"]
[EventDate "2011.04.30"]
[EventType "swiss"]
[EventRounds "9"]
[EventCountry "ITA"]
[SourceTitle "EXT 2015"]
[Source "ChessBase"]
[SourceDate "2014.11.20"]
[SourceVersion "1"]
[SourceVersionDate "2014.11.20"]
[SourceQuality "1"]

1. d4 g6 2. c4 Bg7 3. e4 d6 4. Be3 Nf6 5. f3 Nbd7 6. Nc3 e5 7. Nge2 exd4 8. Nxd4 0-0 9. Qd2 b6 10. Be2 Bb7 11. 0-0 Qe7 12. Nd5 Nxd5 13. cxd5 Rfe8 14. Rac1 Nc5 15. b4 Nxe4 16. fxe4 Qxe4 17. Bf2 Re7 18. Bf3 1-0

[Event "Merano Gold Cup 39th"]
[Site "Merano"]
[Date "2011.05.03"]
[Round "5"]
[White "Stratmann, Dietrich"]
[Black "Weber, Gerhard"]
[Result "1-0"]
[WhiteElo "1740"]
[BlackElo "1907"]
[PlyCount "65"]
[EventDate "2011.04.30"]
[EventType "swiss"]
[EventRounds "9"]
[EventCountry "ITA"]
[SourceTitle "EXT 2015"]
[Source "ChessBase"]
[SourceDate "2014.11.20"]
[SourceVersion "1"]
[SourceVersionDate "2014.11.20"]
[SourceQuality "1"]

1. d4 d6 2. Nf3 g6 3. e4 Bg7 4. Be3 Nd7 5. Bd3 Ngf6 6. Nc3 0-0 7. Qd2 Ng4 8. Bg5 h6 9. Bh4 Kh7 10. h3 Ngf6 11. g4 e5 12. dxe5 Nxe5 13. Nxe5 dxe5 14. 0-0-0 g5 15. Bg3 Ng8 16. f3 Be6 17. Kb1 c6 18. h4 gxh4 19. Bxh4 f6 20. Qh2 Qe7 21. Bf2 Qf7 22. Be3 b5 23. a3 a5 24. b3 b4 25. axb4 axb4 26. Na2 Qe7 27. Qf2 Ra5 28. Bb6 Rfa8 29. Bxa5 Rxa5 30. Qb6 Ra3 31. Nxb4 Bxb3 32. Kb2 Ra4 33. Kxb3 1-0

[Event "GER-ch Seniors 22nd"]
[Site "Berlin"]
[Date "2010.08.24"]
[Round "9"]
[White "Garms, Ilse"]
[Black "Weber, Gerhard"]
[Result "1-0"]
[WhiteElo "1516"]
[BlackElo "1690"]
[PlyCount "83"]
[EventDate "2010.08.16"]
[EventType "swiss"]
[EventRounds "9"]
[EventCountry "GER"]
[SourceTitle "CBM 138 Extra"]
[Source "ChessBase"]
[SourceDate "2010.10.29"]
[SourceVersion "1"]
[SourceVersionDate "2010.10.29"]
[SourceQuality "1"]

1. d4 c5 2. Nf3 cxd4 3. Nxd4 Nf6 4. e3 g6 5. Bd3 Nc6 6. a3 Bg7 7. 0-0 0-0 8. Nd2 d6 9. c3 Bd7 10. b4 Rc8 11. Bb2 Ne5 12. Be2 d5 13. Rc1 a6 14. N4f3 Nc4 15. Nxc4 dxc4 16. Ne5 b5 17. Nxd7 Nxd7 18. Bf3 Qc7 19. Rc2 Rfd8 20. Rd2 Ne5 21. Be2 Rxd2 22. Qxd2 Rd8 23. Qc2 Rd6 24. Rd1 Qd7 25. Rxd6 Qxd6 26. Qd1 Qc7 27. f4 Nc6 28. Bf3 Nd8 29. g3 e5 30. Kg2 exf4 31. exf4 Ne6 32. Qd5 h5 33. Qa8+ Qd8 34. Qxd8+ Nxd8 35. Bd5 Kf8 36. Kf3 Ke7 37. h3 Kd6 38. Ba8 f5 39. Ke3 Nc6 40. Bb7 a5 41. bxa5 Nxa5 42. Bf3 1-0

[Event "GER-ch Seniors 22nd"]
[Site "Berlin"]
[Date "2010.08.18"]
[Round "3"]
[White "Rychlik, Kurt"]
[Black "Weber, Gerhard"]
[Result "1/2-1/2"]
[WhiteElo "1905"]
[BlackElo "1690"]
[PlyCount "80"]
[EventDate "2010.08.16"]
[EventType "swiss"]
[EventRounds "9"]
[EventCountry "GER"]
[SourceTitle "CBM 138 Extra"]
[Source "ChessBase"]
[SourceDate "2010.10.29"]
[SourceVersion "1"]
[SourceVersionDate "2010.10.29"]
[SourceQuality "1"]

1. d4 d5 2. c4 e6 3. Nf3 Nf6 4. Nc3 b6 5. Bg5 Be7 6. Rc1 0-0 7. e3 Bb7 8. Bd3 Nbd7 9. 0-0 dxc4 10. Bxc4 Ne4 11. Bf4 Nxc3 12. Rxc3 c5 13. Rd3 Be4 14. Rd2 Qc8 15. Bb5 Rd8 16. Qe2 a6 17. Bxd7 Rxd7 18. Ne5 Rd8 19. f3 Bg6 20. Rc1 Qb7 21. e4 Rxd4 22. Rxd4 cxd4 23. Nxg6 hxg6 24. Rc7 Qb8 25. Bg3 Qd8 26. Qd3 Bc5 27. a3 a5 28. Kf1 Qg5 29. f4 Qd8 30. f5 gxf5 31. exf5 Qf6 32. Bf2 Qxf5 33. Qxf5 exf5 34. Rd7 g6 35. Bxd4 Bxd4 36. Rxd4 b5 37. Ke2 Kg7 38. Kd3 Kf6 39. Rd6+ Ke5 40. Rb6 Rd8+ 1/2-1/2

[Event "GER-ch Seniors 21st"]
[Site "Dresden"]
[Date "2009.08.07"]
[Round "5"]
[White "Aufmwasser, Guenter"]
[Black "Weber, Gerhard"]
[Result "1/2-1/2"]
[WhiteElo "1815"]
[BlackElo "1921"]
[PlyCount "23"]
[EventDate "2009.08.03"]
[EventType "swiss"]
[EventRounds "9"]
[EventCountry "GER"]
[SourceTitle "CBM 131 Extra"]
[Source "ChessBase"]
[SourceDate "2009.09.03"]
[SourceVersion "2"]
[SourceVersionDate "2009.09.16"]
[SourceQuality "1"]

1. f4 d5 2. Nf3 g6 3. d4 Bg7 4. c3 Nf6 5. e3 Nbd7 6. Bd3 c5 7. 0-0 0-0 8. Qe1 b6 9. Nbd2 Bb7 10. Bb5 Ne4 11. Bxd7 Qxd7 12. Ne5 1/2-1/2

[Event "GER-ch Seniors 21st"]
[Site "Dresden"]
[Date "2009.08.04"]
[Round "2"]
[White "Weber, Gerhard"]
[Black "Bulano, Alexander"]
[Result "0-1"]
[WhiteElo "1921"]
[BlackElo "1801"]
[PlyCount "95"]
[EventDate "2009.08.03"]
[EventType "swiss"]
[EventRounds "9"]
[EventCountry "GER"]
[SourceTitle "CBM 131 Extra"]
[Source "ChessBase"]
[SourceDate "2009.09.03"]
[SourceVersion "2"]
[SourceVersionDate "2009.09.16"]
[SourceQuality "1"]

1. e4 b6 2. d4 Bb7 3. Bd3 e6 4. Nf3 Nf6 5. Qe2 d6 6. c4 Nbd7 7. Nc3 e5 8. d5 Nc5 9. Bc2 a5 10. b3 Qd7 11. 0-0 Be7 12. Bb2 0-0 13. a3 Qg4 14. b4 axb4 15. axb4 Na6 16. Ba3 Nh5 17. Nd2 Qg6 18. Qf3 Bc8 19. Ne2 Bg4 20. Qe3 Bg5 21. Qd3 Qh6 22. Nf3 f5 23. Nxg5 Qxg5 24. f3 Bh3 25. Ng3 Nxg3 26. hxg3 Qxg3 27. Qe2 f4 28. Qf2 Qg5 29. Rfe1 Rac8 30. Ba4 Nb8 31. c5 Bd7 32. Bxd7 Nxd7 33. c6 Nf6 34. Kf1 Nh5 35. Ke2 Ng3+ 36. Kd3 Rf6 37. b5 Rh6 38. Bb4 Rh2 39. Rg1 Qg6 40. Ra7 Nh5 41. Raa1 Nf6 42. Kc4 Nxe4 43. Qa2 Ng3 44. Be1 Nf5 45. Bf2 Ne7 46. g3 Qf7 47. Rad1 fxg3 48. Rxg3 0-1

[Event "Hessen-ch Seniors op 05th"]
[Site "Bad Sooden-Allendorf"]
[Date "2009.04.26"]
[Round "2"]
[White "Krebs, Dietmar"]
[Black "Weber, Gerhard"]
[Result "1-0"]
[WhiteElo "1985"]
[BlackElo "1775"]
[PlyCount "59"]
[EventDate "2009.04.25"]
[EventType "swiss"]
[EventRounds "9"]
[EventCountry "GER"]
[SourceTitle "EXT 2022"]
[Source "ChessBase"]
[SourceDate "2021.10.06"]
[SourceVersion "1"]
[SourceVersionDate "2021.10.06"]
[SourceQuality "1"]

1. e4 e5 2. Nf3 Nc6 3. Bb5 Nd4 4. Nxd4 exd4 5. 0-0 Bc5 6. c3 c6 7. Ba4 Ne7 8. cxd4 Bxd4 9. Nc3 0-0 10. Ne2 Bb6 11. d4 d5 12. e5 Ng6 13. Be3 f6 14. exf6 Qxf6 15. Qd2 h6 16. Bc2 Bf5 17. Bxf5 Qxf5 18. Ng3 Qf7 19. a4 Nf4 20. a5 Bc7 21. a6 Bd6 22. axb7 Qxb7 23. Qc2 Qd7 24. Ra6 Rfc8 25. Rc1 c5 26. dxc5 Be5 27. c6 Qf7 28. Rd1 Ne6 29. Rxd5 Bxg3 30. hxg3 1-0